000 00458nam a22001577a 4500
003 OSt
082 _a664
_bAIS
088 _a583
100 _aAISWARYA.E S
_aAJSAR MUHAMMED RAFEEQ
_aARJUN RAJ. M P
_aDARSHANA.M.NAIR
_95500
245 _aEVALUATION OF MICROFILTRATION OF TENDER COCONUT WATER
260 _aTAVANUR
_bDEPARTMENT OF PROCESSING AND FOOD ENGINEERING
_c2023
300 _a62
700 _aPRINCE. M V
_94684
700 _aANN ANNIE SHAJU
942 _cPR
999 _c17721
_d17721